Application reengineering : (Record no. 346173)
[ view plain ]
| 000 -LEADER | |
|---|---|
| fixed length control field | 01970 a2200205 4500 |
| 020 ## - INTERNATIONAL STANDARD BOOK NUMBER | |
| International Standard Book Number | 0137500351 |
| 020 ## - INTERNATIONAL STANDARD BOOK NUMBER | |
| International Standard Book Number | 9780137500352 |
| 082 04 - DEWEY DECIMAL CLASSIFICATION NUMBER | |
| Classification number | 005.3 |
| 090 ## - LOCALLY ASSIGNED LC-TYPE CALL NUMBER (OCLC); LOCAL CALL NUMBER (RLIN) | |
| -- | 3708 |
| -- | 3708 |
| 100 1# - MAIN ENTRY--PERSONAL NAME | |
| Personal name | Umar, Amjad. |
| 245 10 - TITLE STATEMENT | |
| Title | Application reengineering : |
| Remainder of title | building web-based applications and dealing with legacies / |
| Statement of responsibility, etc. | Amjad Umar. |
| 260 ## - PUBLICATION, DISTRIBUTION, ETC. | |
| Place of publication, distribution, etc. | [S.l.] : |
| Name of publisher, distributor, etc. | Prentice Hall, |
| Date of publication, distribution, etc. | 1997. |
| 300 ## - PHYSICAL DESCRIPTION | |
| Extent | 624 p. ; |
| Dimensions | 25 cm. |
| 500 ## - GENERAL NOTE | |
| General note | Paperback. |
| 520 ## - SUMMARY, ETC. | |
| Summary, etc. | This book presents a comprehensive, systematic approach to building advanced, Web-based enterprise applications. Three technologies are converging to dramatically change the nature of application development: client/server, object-orientation, and the Internet. This book is a complete guide to successfully integrating all of these technologies in new enterprise applications. Expert consultant and project manager Dr. Amjad Umar shows how to establish data architectures, application architectures, and frameworks that enable successful Web-based software development. He presents a detailed methodology for using middleware to engineer new applications, or reengineer existing ones. He also offers a systematic approach to cope with legacy systems - including legacy data access, data warehousing and application migration/transition strategies. For each major issue confronting developers, he considers the state of today's marketplace, as well as trends that will powerfully impact development in the near future. The book contains extensive guidelines, implementation examples and case studies, using a wide range of technologies, including CORBA, ActiveX, PowerBuilder, Encina, and Web gateways such as CGI. All IT professionals, trainers, teachers and advanced students. |
| 700 1# - ADDED ENTRY--PERSONAL NAME | |
| Personal name | Bellcore. |
| 856 40 - ELECTRONIC LOCATION AND ACCESS | |
| Materials specified | Amazon.com |
| Uniform Resource Identifier | <a href="http://www.amazon.com/exec/obidos/ASIN/0137500351/chopaconline-20">http://www.amazon.com/exec/obidos/ASIN/0137500351/chopaconline-20</a> |
| 856 40 - ELECTRONIC LOCATION AND ACCESS | |
| Materials specified | Amazon customer reviews |
| Uniform Resource Identifier | <a href="http://www.chopac.org/cgi-bin/tools/azrev.pl?q=0137500351">http://www.chopac.org/cgi-bin/tools/azrev.pl?q=0137500351</a> |
| 942 ## - ADDED ENTRY ELEMENTS (KOHA) | |
| Institution code [OBSOLETE] | NBS |
| Koha item type | Book |
| Call number prefix | 658.4063 AMJ |
| Withdrawn status | Lost status | Damaged status | Not for loan | Permanent Location | Current Location | Date acquired | Total Checkouts | Full call number | Barcode | Date last seen | Price effective from | Koha item type |
|---|---|---|---|---|---|---|---|---|---|---|---|---|
| Central Library (CL) | Central Library (CL) | 08/28/2013 | 658.4063 AMJ | NBS3825 | 08/28/2013 | 08/28/2013 | Book |
